Pobreza y participación /
Đã lưu trong:
| Tác giả chính: | |
|---|---|
| Định dạng: | Texto |
| Những chủ đề: | |
| Các nhãn: |
Thêm thẻ
Không có thẻ, Là người đầu tiên thẻ bản ghi này!
|
MARC
| LEADER | 00000 a a2200000 04500 | ||
|---|---|---|---|
| 001 | 3878 | ||
| 003 | |||
| 040 | |||
| 100 | |a Natal, Alejandro | ||
| 245 | |a Pobreza y participación / |c Alejandro Natal | ||
| 650 | |a POBREZA | ||
| 650 | |a PARTICIPACION SOCIAL | ||
| 650 | |a DESARROLLO SOCIAL | ||
| 650 | |a EDUCACION | ||
| 650 | |a BUROCRACIA | ||
| 650 | |a PLANIFICACION | ||
| 650 | |a PROYECTOS DE DESARROLLO | ||
| 650 | |a SOICEDAD | ||
| 650 | |a MODELOS | ||
| 773 | |g volumen 4, número 14; páginas 27-44 | ||
| 999 | |c 22678 |d 22678 | ||
